A bailar! / (Record no. 29402)

MARC details
000 -LEADER
fixed length control field 02511pam a2200493 a 4500
001 - CONTROL NUMBER
control field BAD2010054522
003 - CONTROL NUMBER IDENTIFIER
control field DLC
005 - DATE AND TIME OF LATEST TRANSACTION
control field 20240319213238.0
008 - FIXED-LENGTH DATA ELEMENTS--GENERAL INFORMATION
fixed length control field 110201t20112011txua b 000 1 eng
010 ## - LIBRARY OF CONGRESS CONTROL NUMBER
LC control number 2010054522
020 ## - INTERNATIONAL STANDARD BOOK NUMBER
International Standard Book Number 9781558856981
040 ## - CATALOGING SOURCE
Original cataloging agency DLC
Language of cataloging eng
Transcribing agency DLC
Modifying agency DLC
-- MnBnMLM
041 0# - LANGUAGE CODE
Language code of text/sound track or separate title eng
-- spa
042 ## - AUTHENTICATION CODE
Authentication code lcac
-- pcc
050 00 - LIBRARY OF CONGRESS CALL NUMBER
Classification number PZ7.O765
Item number Bai 2011
082 04 - DEWEY DECIMAL CLASSIFICATION NUMBER
Classification number [E]
Edition number 23
100 1# - MAIN ENTRY--PERSONAL NAME
Personal name Cofer, Judith Ortiz,
Dates associated with a name 1952-
Authority record control number https://id.loc.gov/authorities/names/n87943894.
245 12 - TITLE STATEMENT
Title A bailar! /
Remainder of title Let's dance!
Statement of responsibility, etc. por Judith Ortiz Cofer ; ilustraciones de Christina Ann Rodriguez = Let's dance! / by Judith Ortiz Cofer ; illustrations by Christina Ann Rodriguez.
246 31 - VARYING FORM OF TITLE
Title proper/short title Let's dance!
246 3# - VARYING FORM OF TITLE
Title proper/short title Let us dance!
260 ## - PUBLICATION, DISTRIBUTION, ETC. (IMPRINT)
Place of publication, distribution, etc. Houston, Tex. :
Name of publisher, distributor, etc. Pinata Books/Arte Publico Press,
Date of publication, distribution, etc. [2011]
264 #1 - PRODUCTION, PUBLICATION, DISTRIBUTION, MANUFACTURE, AND COPYRIGHT NOTICE
Place of production, publication, distribution, manufacture Houston, Tex. :
Name of producer, publisher, distributor, manufacturer Pinata Books/Arte Publico Press,
Date of production, publication, distribution, manufacture, or copyright notice [2011]
264 #4 - PRODUCTION, PUBLICATION, DISTRIBUTION, MANUFACTURE, AND COPYRIGHT NOTICE
Date of production, publication, distribution, manufacture, or copyright notice ℗♭2011.
300 ## - PHYSICAL DESCRIPTION
Extent 32 unnumbered pages :
Other physical details color illustrations ;
Dimensions 23 x 29 cm.
336 ## - CONTENT TYPE
Content type term text
Content type code txt
Source rdacontent.
337 ## - MEDIA TYPE
Media type term unmediated
Media type code n
Source rdamedia.
338 ## - CARRIER TYPE
Carrier type term volume
Carrier type code nc
Source rdacarrier.
385 ## - AUDIENCE CHARACTERISTICS
Demographic group code age
Audience term Children
Source lcdgt.
510 3# - CITATION/REFERENCES NOTE
Name of source School Library Journal,
Coverage of source 11/2011.
520 ## - SUMMARY, ETC.
Summary, etc. A mother and daughter find and spread joy though their community by salsa dancing.
520 ## - SUMMARY, ETC.
Summary, etc. A young girl and her mother put on their red dresses and dance their way through the barrio, collecting friends and neighbors along the way as they go to the park to hear her father's salsa band play.
521 0# - TARGET AUDIENCE NOTE
Target audience note 3.3.
521 2# - TARGET AUDIENCE NOTE
Target audience note PS-3.
526 0# - STUDY PROGRAM INFORMATION NOTE
Program name Accelerated Reader AR-ATOS
Interest level LG
Reading level 3.3
Title point value 0.5
Public note 147135.
546 ## - LANGUAGE NOTE
Language note In English with some Spanish.
650 #0 - SUBJECT ADDED ENTRY--TOPICAL TERM
Topical term or geographic name as entry element Dance
Form subdivision Juvenile fiction.
Authority record control number https://id.loc.gov/authorities/subjects/sh2009122820.
650 #0 - SUBJECT ADDED ENTRY--TOPICAL TERM
Topical term or geographic name as entry element Salsa (Music)
Authority record control number https://id.loc.gov/authorities/subjects/sh85116847
Form subdivision Juvenile fiction.
Authority record control number https://id.loc.gov/authorities/subjects/sh99001687.
650 #0 - SUBJECT ADDED ENTRY--TOPICAL TERM
Topical term or geographic name as entry element Hispanic Americans
Form subdivision Juvenile fiction.
Authority record control number https://id.loc.gov/authorities/subjects/sh2008121646.
650 #0 - SUBJECT ADDED ENTRY--TOPICAL TERM
Topical term or geographic name as entry element Bands (Music)
Authority record control number https://id.loc.gov/authorities/subjects/sh85011499
Form subdivision Juvenile fiction.
Authority record control number https://id.loc.gov/authorities/subjects/sh99001687.
655 #7 - INDEX TERM--GENRE/FORM
Genre/form data or focus term Fiction.
Source of term lcgft
Authority record control number https://id.loc.gov/authorities/genreForms/gf2014026339.
700 1# - ADDED ENTRY--PERSONAL NAME
Personal name Rodriguez, Christina,
Dates associated with a name 1981-
Authority record control number https://id.loc.gov/authorities/names/n2005024027
Relator term illustrator.
856 42 - ELECTRONIC LOCATION AND ACCESS
Materials specified View cover image provided by Mackin
Uniform Resource Identifier <a href="http://www.mackin.com/BookPics/Book.aspx?isbn=9781558856981">http://www.mackin.com/BookPics/Book.aspx?isbn=9781558856981</a>
942 ## - ADDED ENTRY ELEMENTS (KOHA)
Koha item type Libro/Book
Source of classification or shelving scheme Dewey Decimal Classification
Holdings
Withdrawn status Lost status Damaged status Not for loan Home library Current library Date acquired Inventory number Total Checkouts Full call number Barcode Date last seen Date checked out Price effective from Koha item type
        San Juan Del Sur -- Mobile San Juan Del Sur -- Mobile 04/03/2024 Inventory date: 1-2-25 4 JI 33016003 31/10/2024 26/09/2024 04/03/2024 Libro/Book

Powered by Koha